| 000 | 00777cab a2200241 4500 | ||
|---|---|---|---|
| 001 | ABS57933 | ||
| 008 | 090401t1997 xxu||||| |||| 00| 0 eng d | ||
| 035 | _a(Sirsi) u81970 | ||
| 041 | _aeng | ||
| 100 | _aLaxton, B. | ||
| 245 | _aSecuritisation: US packaging arrives here | ||
| 260 | _c1997 | ||
| 350 | _a0 | ||
| 490 |
_aProperty Week _v61(5) 31 October 1997, 30(1) |
||
| 520 | _aConsiders the principles of securitisation (the packaging of groups of income streams), which has been introduced and is spreading into the UK and the property sector. | ||
| 650 | _aINCOME STREAMS | ||
| 650 | _aPROPERTY FINANCE | ||
| 650 | _aPROPERTY SECTOR | ||
| 650 | _aSECURITISATION | ||
| 690 | _aPROPERTY-PROPERTY FINANCE AND INVESTMENT | ||
| 942 | _n0 | ||
| 948 | _c11/11/1997 | ||
| 999 |
_c51690 _d51690 |
||